000 00651nam a2200241 a 4500
001 nice12345678
003 IN_TiNIC
005 20260116011545.0
008 050524s1904 phia grp 000 0 eng
020 _a
_c0
082 0 0 _a303.4824
_bSHE
100 _aShedd, William Ambrose
245 _aIslam and the Oriental Churches
_b Their Historical Relations
260 _aPhilladelphia
_bPresbyterian Board of Pub
_c1904
300 _a253p
500 _aincludes index and biblioraphy
505 2 _aAppendix
650 _aIslam-Relations Christianity
700 1 _aShedd, William Ambrose
902 _bSRS
942 _cBK
999 _c2597
_d2597